MPK Włocławek Linia 2 - Statystyki

Ogólne statystyki
  • Ten quiz został rozwiązany 5 razy
  • Średni wynik to 8 z 21
Statystyki odpowiedzi
Lp Nazwa Przystanku % Poprawnych
8 Węglowa
100%
7 Kaliska Dojazdowa
80%
6 Kaliska Dziewińska
80%
5 Kaliska Zbiegniewskiej
80%
4 Kaliska (pętla)/Kaliska pętla
60%
1 Wiejska (pętla)/Wiejska pętla
60%
9 Chłodna Kapitulna
40%
13 Chmielna
40%
10 Okrzei Dworzec PKP/PKS
40%
16 Polna Barska
40%
14 Stodólna
40%
2 Zgodna
40%
3 Kaliska Fredry
20%
11 Plac Wolności Warszawska
20%
17 Polna 14 Pułku Piechoty
20%
15 Polna Żytnia
20%
12 Aleja Chopina Świętego Antoniego
0%
21 Płocka Duninowska
0%
20 Płocka Sanitec
0%
18 Zielna Myśliwska
0%
19 Zielna MZD
0%
Nie znaleziono quizów pasujących do podanych kryteriów
Rozkład punktacji
Procent ludzi z każdym wynikiem
Percentyl według liczby udzielonych odpowiedzi
Twoja historia wyników
Nie rozwiązałeś tego quizu